| 000 | 00598nam a2200133 a 4500 | ||
|---|---|---|---|
| 008 | 100331s2006 ||||||||||||||||| || u | ||
| 050 | _aUNESA(058) | ||
| 110 | _aUnited Nations Economic and Social Affairs (UNESA) | ||
| 245 | 1 | 0 |
_aUnited Nations Statistical Commission report on the thirty-seventh session (7th - 10th March 2006) _cUnited Nations |
| 260 |
_aNew York _bUNITED NATIONS _c2006 |
||
| 300 | _aiv, 40p. | ||
| 350 | _a0.00 | ||
| 995 |
_D0.00 _FCBU-MAIN LIBRARY (Kitwe) _H1 _I0.00 _M1 _UAVAILABLE _WMar 31, 2010 _ZInternational Publications |
||
| 999 |
_c60859 _d60859 |
||